DisCo 2017: Open Education as a Way to a Knowledge Society 12th Conference Reader : [International Conference, 26th June - 27nd June in Prague, Czech Republic]

Enregistré dans:
Détails bibliographiques
Collectivité auteur: DisCo 2017: Open Education as a Way to a Knowledge Society. International Conference
Autres auteurs: Beseda, Jan, Rohlíková, Lucie, Baťko, Jan, Braimoh, Dele, Camacho Martí, Mar
Format: Livre
Langue:anglais
Publié: Prague Centre for Higher Education Studies 2017
Édition:1st edition
Sujets:
Tags: Ajouter un tag
Pas de tags, Soyez le premier à ajouter un tag!

MARC

LEADER 00000nlm a2200000 4500
001 0241532
005 20220830091836.2
020 |a 978-80-86302-82-9 
041 0 |a eng 
044 |a CZ 
245 1 0 |a DisCo 2017: Open Education as a Way to a Knowledge Society  |b 12th Conference Reader : [International Conference, 26th June - 27nd June in Prague, Czech Republic]  |c Jan Beseda, Lucie Rohlíková, Jan Baťko (eds.) ; Reviewers: Dele Braimoh ... [et al.] 
250 |a 1st edition 
264 1 |a Prague  |b Centre for Higher Education Studies  |c 2017 
300 |a online [501 s.] 
610 2 0 |a vzdelávanie 
610 2 0 |a vzdelanie 
610 2 0 |a spoločnosť vedomostná 
700 1 |a Beseda, Jan 
700 1 |a Rohlíková, Lucie 
700 1 |a Baťko, Jan 
700 1 |a Braimoh, Dele 
700 1 |a Camacho Martí, Mar 
110 2 |a DisCo 2017: Open Education as a Way to a Knowledge Society. International Conference